Normal view
MARC view
- Naqshbandi, Syed Tariq
Entry Personal Name
001 - CONTROL NUMBER
- control field: 130564
003 - CONTROL NUMBER IDENTIFIER
- control field: NUST
005 - DATE AND TIME OF LATEST TRANSACTION
- control field: 20250922131428.0
008 - FIXED-LENGTH DATA ELEMENTS
- fixed length control field: 250922|| aca||aabn | a|a d
040 ## - CATALOGING SOURCE
- Original cataloging agency: NUST
- Transcribing agency: NUST
100 ## - HEADING--PERSONAL NAME
- Personal name: Naqshbandi, Syed Tariq
670 ## - SOURCE DATA FOUND
- Source citation: Work cat.: (NUST): Naqshbandi, Syed Tariq, Reinforcement learning-based - controller and nonlinear control optimizer for cancerous tumor dynamics/
